| 000 | 01000cam a2200217 4500 | ||
|---|---|---|---|
| 001 | WB3822-11 | ||
| 008 | 020617n2002 000 0 eng u | ||
| 035 | _a(Sirsi) u118426 | ||
| 245 | _aGentrification 'causes profound social harm' | ||
| 260 | _c2002 | ||
| 490 |
_aUrban Environment Today _v(149) 13 June 2002, (1) |
||
| 520 | _aUniversity of Glasgow study argues that gentrification of neighbourhoods consisting of upwardly mobile classes taking over previously deprived neighbourhoods causes more problems than benefits. Costs include, community conflict and poorer residents being pushed out of areas due to rising rents and house prices. Does Gentrification help of harm urban neighbourhoods: http://www.neighbourhoodcentre.org.uk/research/cnrpaperspdf/cnr5sum.pdf | ||
| 590 | _aWB | ||
| 650 | _aGENTRIFICATION | ||
| 650 | _aDEPRIVED AREAS | ||
| 650 | _aUNIVERSITY OF GLASGOW | ||
| 650 | _aGREATER LONDON | ||
| 650 | _aSOCIAL COSTS | ||
| 690 | _aHOUSING-DEVELOPMENT | ||
| 942 | _n0 | ||
| 999 |
_c70488 _d70488 |
||